Makers at School, Educational Robotics and Innovative Learning Environments (Record no. 29858)
[ view plain ]
| 000 -LEADER | |
|---|---|
| fixed length control field | 00761nam a2200121Ia 4500 |
| 008 - FIXED-LENGTH DATA ELEMENTS--GENERAL INFORMATION | |
| fixed length control field | 220620s9999||||xx |||||||||||||| ||und|| |
| 245 #0 - TITLE STATEMENT | |
| Title | Makers at School, Educational Robotics and Innovative Learning Environments |
| Remainder of title | Research and Experiences from FabLearn Italy 2019, in the Italian Schools and Beyond |
| 546 ## - LANGUAGE NOTE | |
| Language note | English[eng] |
| 650 ## - SUBJECT ADDED ENTRY--TOPICAL TERM | |
| Topical term or geographic name entry element | FabLearn Italy||robotics in education||STEM Education||Smart Learning||Educational Robotics||innovative educational tools||Innovative Learning Approach||informal education||open access |
| 700 ## - ADDED ENTRY--PERSONAL NAME | |
| Personal name | Scaradozzi, David||Guasti, Lorenzo||Di Stasio, Margherita||Miotti, Beatrice||Monteriù, Andrea||Blikstein, Paulo |
| 856 ## - ELECTRONIC LOCATION AND ACCESS | |
| Uniform Resource Identifier | <a href="https://library.oapen.org/bitstream/20.500.12657/51979/1/978-3-030-77040-2.pdf">https://library.oapen.org/bitstream/20.500.12657/51979/1/978-3-030-77040-2.pdf</a> |
| 942 ## - ADDED ENTRY ELEMENTS (KOHA) | |
| Koha item type | E-Books |
| Withdrawn status | Lost status | Damaged status | Not for loan | Home library | Current library | Date acquired | Total Checkouts | Date last seen | Price effective from | Koha item type |
|---|---|---|---|---|---|---|---|---|---|---|
| Kerala University of Digital Sciences, Innovation and Technology Knowledge Centre | Kerala University of Digital Sciences, Innovation and Technology Knowledge Centre | 20/06/2022 | 20/06/2022 | 20/06/2022 | E-Books |